000 00843nam a2200253Ia 4500
003 OSt
005 20220923225006.0
006 a|||||r|||| 00| 0
007 ta
008 ORI
024 _a254,812
037 _cTextual
040 _aARTS
_cARTS
_bORI
041 _2ORI
_aORI
082 _aO1591,3N34x, 152N2
100 _aमनोज दास; श्रवण कुमार, अनु.
_9168294
245 0 _aतीसरा प्राणी
246 _aTīsarā prāṇī
260 _aनयी दिल्ली
_b साहित्य अकादेमी
_c1992
300 _a303पृ0
_ccm.
650 _aउड़िया साहित्य
_9156264
942 _hO1591,3N34x, 152N2
_cTEXL
_2CC
999 _c375281
_d375281